Decentralization and local governance in developing countries : (Record no. 17651)

MARC details
000 -LEADER
fixed length control field 00898nam a22002297a 4500
005 - DATE AND TIME OF LATEST TRANSACTION
control field 20081022121542.0
008 - FIXED-LENGTH DATA ELEMENTS--GENERAL INFORMATION
fixed length control field 081022t xxu||||| |||| 00| 0 eng d
010 ## - LIBRARY OF CONGRESS CONTROL NUMBER
LC control number ENG-84313
020 ## - INTERNATIONAL STANDARD BOOK NUMBER
International Standard Book Number 0195686748
020 ## - INTERNATIONAL STANDARD BOOK NUMBER
Terms of availability 675.00 (hb)
035 ## - SYSTEM CONTROL NUMBER
System control number EN-67846
082 ## - DEWEY DECIMAL CLASSIFICATION NUMBER
Classification number 320.8091724
245 ## - TITLE STATEMENT
Title Decentralization and local governance in developing countries :
Remainder of title a comparative perspective /
Statement of responsibility, etc edited by Pranab Bardhan and Dilip Mookherjee
260 ## - PUBLICATION, DISTRIBUTION, ETC. (IMPRINT)
Place of publication, distribution, etc New Delhi
Name of publisher, distributor, etc Oxford University Press
260 ## - PUBLICATION, DISTRIBUTION, ETC. (IMPRINT)
Date of publication, distribution, etc 2007
300 ## - PHYSICAL DESCRIPTION
Extent vi,363p
Dimensions 23cm
500 ## - GENERAL NOTE
General note Includes bibliographical references and index
700 ## - ADDED ENTRY--PERSONAL NAME
Personal name Bardhan, Pranab
Titles and other words associated with a name ed
700 ## - ADDED ENTRY--PERSONAL NAME
Personal name Mookherjee, Dilip
Titles and other words associated with a name ed
942 ## - ADDED ENTRY ELEMENTS (KOHA)
Source of classification or shelving scheme Dewey Decimal Classification
Koha item type Malayalam Bks
Classification part 320.8091724
Call number suffix DEC
Holdings
Withdrawn status Lost status Source of classification or shelving scheme Damaged status Not for loan Collection code Home library Current library Date acquired Cost, normal purchase price Total Checkouts Full call number Barcode Date last seen Copy number Cost, replacement price Price effective from Koha item type
    Dewey Decimal Classification   Not For Loan Non-fiction D.B.Act.Division D.B.Act.Division 28/02/2007 675.00   320.8091724 DEC EN-67846 04/11/2008 1 675.00 04/11/2008 English Books

© Delhi Public Library
Hit Counter
free hit counter